| 000 | 00700cam a22002534a 4500 | ||
|---|---|---|---|
| 999 |
_c531733 _d531733 |
||
| 003 | NUST | ||
| 005 | 20191024143645.0 | ||
| 008 | 191024b ||||| |||| 00| 0 eng d | ||
| 020 | _a9780205206377 (alk. paper) | ||
| 020 | _a0205206379 (alk. paper) | ||
| 038 | _aMSOHAIL | ||
| 082 | 0 | 0 | _a307.76 |
| 100 | 1 |
_aMacionis, John J. _924723 |
|
| 245 | 1 | 0 | _aCities and urban life / |
| 250 | _a5th ed. | ||
| 260 |
_aBoston : _bPearson, _cc2010. |
||
| 300 |
_a456 p. : _bill. ; |
||
| 650 | 0 |
_aCities and towns. _923445 |
|
| 650 | 0 |
_aCities and towns _923445 |
|
| 650 | 0 |
_aSociology, Urban. _924619 |
|
| 650 | 0 |
_aCity and town life. _914061 |
|
| 700 | 1 |
_aParrillo, Vincent N. _924724 |
|
| 942 |
_cBK _2ddc |
||